000 00510nam a2200205 4500
001 28686
005 20220405165320.0
090 _a28686
100 _a20071029 c y0pory5003 ba
101 0 _apor
102 _aPT
930 _lBECRE
675 _a087.5
_vBNL
_zpor
675 _a821.134.3
_vBNL
_zpor
700 1 _aSoares
_bLuisa Ducla
702 1 _aLabey
_bCatherine
_4440
200 1 _a<O >Gato e o Rato
_fLuisa Ducla Soares
_gil. Catherine Labey
210 _cEstúdios Cor
215 _a20 p.
990 _cLIVROS